| 000 | 00649nam a2200217 a 4500 | ||
|---|---|---|---|
| 001 | 3206 | ||
| 003 | CDMR | ||
| 005 | 20131125115245.0 | ||
| 008 | 130130s1980||||||||||||||||||||||||||||d | ||
| 040 |
_aCDMR _bcat _cCDMR |
||
| 100 | 1 |
_aRamírez, Pedro José _92327 |
|
| 245 | 1 | 0 |
_aPrensa y libertad _cPedro J. Ramírez |
| 260 |
_aMadrid _bInstituto de Economía de Mercado |
||
| 260 |
_c1980 _bUnión Editorial |
||
| 300 |
_a128 p. _c18 cm |
||
| 490 | 0 | _aLibertad | |
| 650 | 0 | 4 |
_91574 _aLlibertat d'informació |
| 650 | 0 | 4 |
_93208 _aPeriodisme _xDret i legislació |
| 650 | 0 | 4 |
_92807 _aMitjans de comunicació de massa _xAspectes polítics |
| 942 |
_cMON _2udc |
||
| 999 |
_c3206 _d3206 |
||